000 00856nam a2200277Ia 4500
003 OSt
005 20221007123405.0
006 a|||||r|||| 00| 0
007 ta
008 221006b |||||||| |||| 00| 0 eng d
020 _a0750307056 (hbd)
024 _a1749
037 _cTextual
040 _aPAPL
_cPAPL
_beng
041 _2eng
_aeng
082 _aC9B3:12, P2 Carpa
100 _aBraams C.M.
_9717168
245 0 _aNuclear fusion: Half a century of magnetic confinement fusion research
_b Stott P.E.
260 _aUK
_bIOP
_c2002
300 _axv, 327p.
_ccm.
500 _aReferences 270-297p.; Glossary 301-313p; Index 315-327p
650 _aNuclear Fusion
_9717169
700 _a Stott P.E.
_9717170
942 _hC9B3:12, P2 Carpa
_cTEXL
_2CC
999 _c1211803
_d1211803